|
|
|
|
| LEADER |
00000nab a2200000 ar4500 |
| 001 |
vtls008426189 |
| 003 |
SK-MaSNL |
| 005 |
20260303065934.0 |
| 008 |
060125c20041105xo mr|p|||||||000 b|slo |
| 038 |
|
|
|a SNSK
|
| 040 |
|
|
|b slo
|c SNSK
|e AACR2
|
| 041 |
0 |
|
|a slo
|
| 044 |
|
|
|a xo
|c SK
|
| 080 |
|
|
|a 351.74
|2 UDC-MRF-SK2
|
| 080 |
|
|
|a 343
|2 UDC-MRF-SK2
|
| 245 |
0 |
0 |
|a Levočskí mestskí policajti zasahovali pri bitke päťdesiatich výtržníkov
|c [autor](dub)
|
| 650 |
0 |
7 |
|a polícia
|2 snsk
|9 1673
|
| 650 |
0 |
7 |
|a kriminalita
|2 snsk
|9 2180
|
| 651 |
|
7 |
|a Levoča (Slovensko)
|2 snsk
|9 26696
|
| 773 |
0 |
|
|t Spišský denník Korzár
|g Roč. VI., č. 256 (5.11.2004), s. 1.
|x 1335-759X
|
| 852 |
|
|
|a SNSK
|b KIS3GCP
|
| 999 |
|
|
|c 1753340
|d 1755270
|